Beteiligungen von Versicherungsunternehmen an Insurtechs unter Berücksichtigung der neoinstitutionalistischen Ansätze
Megatrend digitalizácie zasiahol poisťovníctvo. Možno to vidieť na vzniku mnohých InsurTechs. Tieto nové podniky rozvíjajú odvetvie prostredníctvom nových technických systémov a alternatívnych systémov obchodných modelov. Spojením technológie a znalostí poisťovníctva by sa mali poisťovne stať ústret...
Salvato in:
| Autore principale: | |
|---|---|
| Altri autori: | |
| Natura: | Capitolo di libro |
| Lingua: | tedesco |
| Soggetti: | |
| Tags: |
Nessun Tag, puoi essere il primo ad aggiungerne!!
|
MARC
| LEADER | 00000naa$a2200000$$$4500 | ||
|---|---|---|---|
| 001 | 0292069 | ||
| 005 | 20240502074500.8 | ||
| 041 | 0 | |a ger | |
| 044 | |a SK | ||
| 245 | 1 | 0 | |a Beteiligungen von Versicherungsunternehmen an Insurtechs unter Berücksichtigung der neoinstitutionalistischen Ansätze |c Frank Gerwald, Peter Dorčák |
| 520 | |a Megatrend digitalizácie zasiahol poisťovníctvo. Možno to vidieť na vzniku mnohých InsurTechs. Tieto nové podniky rozvíjajú odvetvie prostredníctvom nových technických systémov a alternatívnych systémov obchodných modelov. Spojením technológie a znalostí poisťovníctva by sa mali poisťovne stať ústretovejšími voči zákazníkom. Nové technológie ponúkajú príležitosti na vytváranie nových služieb a zároveň predstavujú nové výzvy pre poisťovateľov. | ||
| 610 | 2 | 0 | |a technológie nové |
| 610 | 2 | 0 | |a technológie inteligentné |
| 610 | 2 | 0 | |a poisťovníctvo |
| 610 | 2 | 0 | |a teórie poistné |
| 610 | 2 | 0 | |a teórie ekonomické |
| 610 | 2 | 0 | |a investície |
| 610 | 2 | 0 | |a investície finančné |
| 100 | 1 | |a Gerwald, Frank, 1968- | |
| 700 | 1 | |a Dorčák, Peter, 1979- | |